000 00227nam a22000857a 4500
008 160630b xxu||||| |||| 00| 0 eng d
100 _91464
_a Sandu, H., et al
245 _aBaking is Fun
260 _aNew Delhi
_bArya Publication
_c1993
999 _c1212
_d1212